[Event "Kragero Sept op"]
[Site "Kragero"]
[Date "2020.09.04"]
[Round "1"]
[White "Andersen, Martin K"]
[Black "Froisland, Jorgen"]
[Result "1-0"]
[WhiteElo "1558"]
[BlackElo "1217"]
[PlyCount "123"]
[EventDate "2020.09.04"]
[EventType "swiss"]
[EventRounds "6"]
[EventCountry "NOR"]
[SourceTitle "CBM 198 Extra"]
[Source "ChessBase"]
[SourceDate "2020.11.30"]
[SourceVersion "1"]
[SourceVersionDate "2020.11.30"]
[SourceQuality "1"]

1. d4 d5 2. c4 e6 3. Bf4 Nf6 4. e3 Nc6 5. a3 g6 6. Nf3 Bg7 7. Be2 0-0 8. 0-0 Re8 9. Nc3 Ne4 10. Nxe4 dxe4 11. Nd2 e5 12. Bxe5 Nxe5 13. dxe5 Rxe5 14. Rb1 Bf5 15. Nb3 Re8 16. Nd4 Bxd4 17. Qxd4 Qxd4 18. exd4 e3 19. Rbe1 exf2+ 20. Kxf2 Rad8 21. Rd1 Rxe2+ 22. Kxe2 Bg4+ 23. Kf2 Bxd1 24. Rxd1 c5 25. d5 Kf8 26. Re1 Re8 27. Rxe8+ Kxe8 28. Ke3 Ke7 29. Kf4 Kf6 30. h4 h6 31. Ke4 Ke7 32. Kf4 Kd6 33. h5 b6 34. a4 a6 35. Ke4 Ke7 36. Ke5 f6+ 37. Kf4 gxh5 38. Kf5 Kf7 39. b3 a5 40. g3 h4 41. gxh4 h5 42. d6 Ke8 43. Kxf6 Kd7 44. Kg5 Kxd6 45. Kxh5 Ke6 46. Kg6 Ke7 47. Kg7 Ke6 48. h5 Ke5 49. h6 Kd4 50. h7 Kc3 51. h8Q Kxb3 52. Qe8 Kxc4 53. Qb5+ Kd5 54. Qd3+ Kc6 55. Qc4 Kd6 56. Kf6 Kc6 57. Ke6 Kc7 58. Qb5 Kb8 59. Qxb6+ Ka8 60. Kd7 c4 61. Kc7 c3 62. Qb7# 1-0